Equipos del Fútbol Argentino - Estadísticas

Estadísticas generales
  • Esta prueba ha sido intentada 446 veces
  • La puntuación promedio es 53 de 146
Estadísticas de respuestas
Equipos % Correcto
Boca Juniors
97%
River Plate
97%
Independiente
91%
Independiente de Chivilcoy
91%
Independiente Rivadavia
91%
Racing
88%
Racing de Córdoba
88%
San Lorenzo
83%
Rosario Central
81%
Estudiantes Buenos Aires
80%
Estudiantes de San Luis
80%
Estudiantes LP
80%
Estudiantes Río Cuarto
80%
Newell's
79%
Vélez
78%
Gimnasia de Concepción del Uruguay
76%
Gimnasia de Salta
76%
Gimnasia Jujuy
76%
Gimnasia LP
76%
Gimnasia Mendoza
76%
Argentino de Merlo
75%
Argentino de Quilmes
75%
Argentino de Rosario
75%
Lanús
73%
Talleres
73%
Talleres Remedios de Escalada
73%
Banfield
72%
Huracán
72%
Huracán Las Heras
72%
Belgrano
71%
Colón
69%
Aldosivi
64%
Unión
64%
Unión de Sunchales
64%
Arsenal
62%
Atlético Tucumán
62%
Defensa y Justicia
61%
Central Córdoba
60%
Central Córdoba de Rosario
60%
Platense
60%
Chacarita Juniors
58%
Tigre
58%
Sarmiento de Resistencia
56%
Sarmiento Junín
56%
Godoy Cruz
55%
San Martín de Burzaco
55%
San Martín San Juan
55%
San Martín Tucumán
55%
Argentinos Juniors
53%
Patronato
53%
Barracas Central
52%
Almirante Brown
51%
Ferro
48%
Instituto
48%
Quilmes
48%
Ferro de General Pico
47%
Atlanta
42%
All Boys
40%
Deportivo Riestra
40%
Nueva Chicago
39%
Olimpo de Bahía Blanca
36%
Sacachispas
36%
Alvarado
35%
Atlético Rafaela
35%
Brown Adrogué
35%
Brown Puerto Madryn
35%
Defensores de Pronunciamiento
33%
Defensores de Villa Ramallo
33%
Deportivo Morón
30%
Temperley
30%
Villa Dálmine
29%
Boca Unidos
27%
Almagro
25%
Deportivo Español
24%
Flandria
24%
San Telmo
24%
Excursionistas
23%
Los Andes
23%
Agropecuario
22%
Comunicaciones
22%
Deportivo Maipú
22%
Atlas
21%
Yupanqui
21%
Chaco For Ever
20%
Crucero del Norte
20%
Mitre Santiago del Estero
19%
Sportivo Italiano
19%
Camioneros
18%
Colegiales
17%
Dock Sud
17%
San Miguel
17%
Deportivo Madryn
16%
Güemes Santiago del Estero
16%
Liniers
16%
Villa Mitre de Bahía Blanca
16%
Central Norte de Salta
15%
Douglas Haig
15%
Fénix
14%
Juventud Unida
14%
Juventud Unida de Gualeguaychú
14%
Juventud Unida de San Luis
14%
Laferrere
14%
Villa San Carlos
14%
Acassuso
13%
Cambaceres
13%
Deportivo Armenio
13%
Deportivo Merlo
13%
Deportivo Paraguayo
13%
El Porvenir
13%
Tristán Suárez
13%
UAI Urquiza
13%
Berazategui
12%
Claypole
12%
Ituzaingó
12%
Santamarina
12%
JJ Urquiza
11%
Luján
11%
Sol de Mayo
11%
Cañuelas
10%
Midland
10%
Muñiz
10%
Real Pilar
10%
Sportivo Barracas
10%
Desamparados
9%
Victoriano Arenas
9%
Defensores de Belgrano
8%
Leandro N. Alem
8%
Lugano
8%
Central Ballester
7%
Centro Español
7%
Cipolletti
7%
Defensores Unidos
7%
Puerto Nuevo
7%
General Lamadrid
6%
Sansinena de General Cerri
6%
Sportivo Belgrano de San Francisco
6%
Círculo Deportivo
5%
Sportivo Las Parejas
4%
Ciudad Bolivar
3%
Sportivo Peñarol
1%
B MOTROPOLITANA
0%
C METROPOLITANA
0%
D METROPOLITANA
0%
FEDERAL A
0%
PRIMERA DIVISIÓN
0%
PRIMERA NACIONAL
0%
No se encontraron pruebas coincidentes
Distribución de puntuación
Porcentaje de gente con cada puntuación
Porcentaje por número respondido
Historial de tus puntuaciones
No has intentado esta prueba.